FINANCIAL market analysis and behaviour : the adaptive preference hypothesis
Salvato in:
| Natura: | Libro |
|---|---|
| Lingua: | inglese |
| Pubblicazione: |
Routledge
2023
|
| Tags: |
Aggiungi Tag
Nessun Tag, puoi essere il primo ad aggiungerne!!
|
MARC
| LEADER | 00000nam a22000007a 4500 | ||
|---|---|---|---|
| 008 | 240611b |||||||| |||| 00| 0 eng d | ||
| 020 | |a 9781032255163 | ||
| 245 | |a FINANCIAL market analysis and behaviour |b : the adaptive preference hypothesis |c Emil Dinga |g xiv, 282p. ill | ||
| 260 | |b Routledge |c 2023 |h New York |i 702367 |i 702368 |l HG152.F49 |m Finance- research- methodology |m Finance- Decision making- methodology | ||
| 500 | |a It includes references and index | ||
| 942 | |a lcc |c BK |e Adeyemo O.O |f 11/06/2024 | ||
| 952 | |0 0 |1 0 |2 lcc |4 0 |6 HD0152 F49 |7 0 |9 5298 |a MPL |b HOL |c GJ |d 2024-06-11 |l 0 |o HD152.F49 |p 2024-0541 |r 2024-06-11 00:00:00 |t 702367 |w 2024-06-11 |y BK | ||
| 952 | |0 0 |1 0 |2 lcc |4 0 |6 HD0152 F49 |7 0 |9 5299 |a HOL |b HOL |c GJ |d 2024-06-11 |l 0 |o HD152.F49 |p 2024-0542 |r 2024-06-11 00:00:00 |t 702368 |w 2024-06-11 |y BK | ||
| 999 | |c 2625 |d 2625 | ||